[Event "DVM U10 2023"]
[Site "Magdeburg GER"]
[Date "2023.12.28"]
[Round "3"]
[White "Rung, Sjard Joris"]
[Black "Vlad, Mark"]
[Result "0-1"]
[Termination "normal"]
[Board "5.3"]
[WhiteElo "1012"]
[BlackElo "1015"]
[WhiteClock "00:09:30"]
[BlackClock "00:25:34"]
[WhiteTeam "Barnimer SF im SV Stahl Finow"]
[BlackTeam "SF Heidelberg"]
[PlyCount "140"]
[WhiteFideId "34689818"]
[BlackFideId "34663258"]
[EventCountry "GER"]
[EventRounds "7"]
[EventType "team-swiss"]
[EventDate "2023.12.27"]

1. e4 {[%clk 00:55:07]} {[%emt 00:00:02]} e5 {[%clk 00:55:04]} {[%emt
00:00:06]} 2. Nf3 {[%clk 00:55:05]} {[%emt 00:00:08]} Nc6 {[%clk 00:55:04]}
{[%emt 00:00:04]} 3. Bc4 {[%clk 00:55:01]} {[%emt 00:00:09]} Bc5 {[%clk
00:55:05]} {[%emt 00:00:05]} 4. d3 {[%clk 00:54:58]} {[%emt 00:00:08]} h6
{[%clk 00:55:02]} {[%emt 00:00:08]} 5. Be3 {[%clk 00:54:55]} {[%emt 00:00:08]}
Bb6 {[%clk 00:55:01]} {[%emt 00:00:05]} 6. Nc3 {[%clk 00:54:41]} {[%emt
00:00:19]} Nf6 {[%clk 00:54:58]} {[%emt 00:00:07]} 7. Qd2 {[%clk 00:54:35]}
{[%emt 00:00:12]} d6 {[%clk 00:54:38]} {[%emt 00:00:26]} 8. h3 {[%clk
00:54:35]} {[%emt 00:00:05]} Be6 {[%clk 00:54:31]} {[%emt 00:00:11]} 9. Nd5
{[%clk 00:54:19]} {[%emt 00:00:22]} O-O {[%clk 00:54:03]} {[%emt 00:00:33]} 10.
O-O-O {[%clk 00:53:57]} {[%emt 00:00:27]} Ba5 {[%clk 00:53:25]} {[%emt
00:00:42]} 11. c3 {[%clk 00:53:27]} {[%emt 00:00:35]} Bxd5 {[%clk 00:52:56]}
{[%emt 00:00:35]} 12. Bxd5 {[%clk 00:53:05]} {[%emt 00:00:27]} Qd7 {[%clk
00:52:30]} {[%emt 00:00:31]} 13. Rdg1 {[%clk 00:52:45]} {[%emt 00:00:25]} Bb6
{[%clk 00:51:52]} {[%emt 00:00:43]} 14. g4 {[%clk 00:51:48]} {[%emt 00:01:02]}
Bxe3 {[%clk 00:51:25]} {[%emt 00:00:31]} 15. Qxe3 {[%clk 00:51:39]} {[%emt
00:00:14]} Nxd5 {[%clk 00:50:27]} {[%emt 00:01:04]} 16. exd5 {[%clk 00:51:11]}
{[%emt 00:00:34]} Ne7 {[%clk 00:49:58]} {[%emt 00:00:33]} 17. Qe4 {[%clk
00:51:00]} {[%emt 00:00:15]} f5 {[%clk 00:49:21]} {[%emt 00:00:43]} 18. gxf5
{[%clk 00:50:40]} {[%emt 00:00:25]} Qxf5 {[%clk 00:49:01]} {[%emt 00:00:24]}
19. Qxf5 {[%clk 00:50:04]} {[%emt 00:00:42]} Rxf5 {[%clk 00:48:59]} {[%emt
00:00:07]} 20. Rg3 {[%clk 00:49:57]} {[%emt 00:00:12]} Nxd5 {[%clk 00:48:34]}
{[%emt 00:00:30]} 21. Rhg1 {[%clk 00:49:08]} {[%emt 00:00:54]} Raf8 {[%clk
00:48:23]} {[%emt 00:00:15]} 22. Rxg7+ {[%clk 00:47:08]} {[%emt 00:02:04]} Kh8
{[%clk 00:47:45]} {[%emt 00:00:43]} 23. c4 {[%clk 00:45:17]} {[%emt 00:01:57]}
Rxf3 {[%clk 00:47:30]} {[%emt 00:00:19]} 24. cxd5 {[%clk 00:45:05]} {[%emt
00:00:19]} Rxh3 {[%emt 00:00:24]} 25. Kd1 {[%clk 00:41:45]} {[%emt 00:03:22]}
Rxd3+ {[%clk 00:47:01]} {[%emt 00:00:17]} 26. Kc2 {[%clk 00:41:35]} {[%emt
00:00:14]} Rxd5 {[%clk 00:46:58]} {[%emt 00:00:09]} 27. Kc1 {[%clk 00:39:30]}
{[%emt 00:02:09]} Rc5+ {[%clk 00:45:57]} {[%emt 00:01:06]} 28. Kb1 {[%clk
00:39:15]} {[%emt 00:00:21]} e4 {[%clk 00:45:35]} {[%emt 00:00:27]} 29. R7g6
{[%clk 00:39:04]} {[%emt 00:00:16]} Rh5 {[%clk 00:45:12]} {[%emt 00:00:28]} 30.
a3 {[%clk 00:38:14]} {[%emt 00:00:55]} d5 {[%clk 00:43:31]} {[%emt 00:01:46]}
31. Kc2 {[%clk 00:37:53]} {[%emt 00:00:26]} Rxf2+ {[%clk 00:43:16]} {[%emt
00:00:19]} 32. Kd1 {[%clk 00:37:14]} {[%emt 00:00:45]} Rf8 {[%clk 00:43:07]}
{[%emt 00:00:11]} 33. Ke2 {[%clk 00:37:05]} {[%emt 00:00:16]} c6 {[%clk
00:42:56]} {[%emt 00:00:17]} 34. Ke3 {[%clk 00:37:02]} {[%emt 00:00:08]} Rh3+
{[%clk 00:42:35]} {[%emt 00:00:25]} 35. Ke2 {[%clk 00:36:44]} {[%emt 00:00:24]}
d4 {[%clk 00:42:17]} {[%emt 00:00:22]} 36. R1g2 {[%clk 00:35:54]} {[%emt
00:00:55]} d3+ {[%clk 00:41:57]} {[%emt 00:00:26]} 37. Kd2 {[%clk 00:35:43]}
{[%emt 00:00:16]} Re8 {[%clk 00:41:32]} {[%emt 00:00:30]} 38. Rf6 {[%clk
00:30:36]} {[%emt 00:05:11]} Rg8 {[%clk 00:40:39]} {[%emt 00:00:57]} 39. Rxg8+
{[%clk 00:28:07]} {[%emt 00:02:36]} Kxg8 {[%clk 00:40:30]} {[%emt 00:00:13]}
40. Rg6+ {[%clk 00:27:55]} {[%emt 00:00:17]} Kf7 {[%clk 00:40:20]} {[%emt
00:00:14]} 41. Rd6 {[%clk 00:26:48]} {[%emt 00:01:13]} Ke7 {[%clk 00:40:11]}
{[%emt 00:00:14]} 42. Rd4 {[%clk 00:26:35]} {[%emt 00:00:19]} Rh4 {[%clk
00:39:56]} {[%emt 00:00:18]} 43. Rb4 {[%clk 00:25:40]} {[%emt 00:01:02]} b5
{[%clk 00:39:33]} {[%emt 00:00:28]} 44. Ke3 {[%clk 00:24:00]} {[%emt 00:01:44]}
a5 {[%clk 00:39:00]} {[%emt 00:00:39]} 45. Rd4 {[%clk 00:21:33]} {[%emt
00:02:31]} Ke6 {[%clk 00:38:32]} {[%emt 00:00:33]} 46. Rd8 {[%clk 00:19:53]}
{[%emt 00:01:45]} Kf5 {[%clk 00:37:37]} {[%emt 00:01:00]} 47. Rf8+ {[%clk
00:19:40]} {[%emt 00:00:18]} Ke5 {[%clk 00:37:09]} {[%emt 00:00:33]} 48. Re8+
{[%clk 00:19:33]} {[%emt 00:00:11]} Kd5 {[%clk 00:37:05]} {[%emt 00:00:11]} 49.
Rd8+ {[%clk 00:18:43]} {[%emt 00:00:55]} Kc4 {[%clk 00:36:43]} {[%emt
00:00:27]} 50. Rd4+ {[%clk 00:18:20]} {[%emt 00:00:27]} Kb3 {[%clk 00:36:26]}
{[%emt 00:00:22]} 51. Rd6 {[%clk 00:17:46]} {[%emt 00:00:39]} Kxb2 {[%clk
00:36:12]} {[%emt 00:00:19]} 52. Rxc6 {[%clk 00:17:38]} {[%emt 00:00:14]} Kxa3
{[%clk 00:36:09]} {[%emt 00:00:07]} 53. Rc3+ {[%clk 00:17:38]} {[%emt
00:00:06]} Kb4 {[%clk 00:35:47]} {[%emt 00:00:28]} 54. Rc1 {[%clk 00:17:14]}
{[%emt 00:00:28]} a4 {[%clk 00:35:09]} {[%emt 00:00:42]} 55. Kd4 {[%clk
00:16:52]} {[%emt 00:00:27]} e3 {[%clk 00:34:40]} {[%emt 00:00:35]} 56. Kxd3
{[%clk 00:16:32]} {[%emt 00:00:24]} Rc4 {[%clk 00:34:35]} {[%emt 00:00:09]} 57.
Rb1+ {[%clk 00:16:07]} {[%emt 00:00:32]} Ka5 {[%clk 00:34:19]} {[%emt
00:00:19]} 58. Kxe3 {[%clk 00:15:52]} {[%emt 00:00:21]} Rc3+ {[%clk 00:33:51]}
{[%emt 00:00:33]} 59. Kd4 {[%clk 00:14:55]} {[%emt 00:01:02]} Rb3 {[%clk
00:33:08]} {[%emt 00:00:49]} 60. Ra1 {[%clk 00:14:23]} {[%emt 00:00:37]} a3
{[%clk 00:32:49]} {[%emt 00:00:23]} 61. Kc5 {[%clk 00:13:24]} {[%emt 00:02:25]}
Ka4 {[%clk 00:32:09]} {[%emt 00:00:45]} 62. Rd1 {[%clk 00:12:39]} {[%emt
00:00:50]} Rc3+ {[%clk 00:31:51]} {[%emt 00:00:23]} 63. Kd4 {[%clk 00:12:22]}
{[%emt 00:00:23]} Kb3 {[%clk 00:30:18]} {[%emt 00:01:38]} 64. Rb1+ {[%clk
00:11:58]} {[%emt 00:00:28]} Kc2 {[%clk 00:29:16]} {[%emt 00:01:07]} 65. Rxb5
{[%clk 00:11:48]} {[%emt 00:00:15]} a2 {[%clk 00:28:46]} {[%emt 00:00:36]} 66.
Ra5 {[%clk 00:11:38]} {[%emt 00:00:15]} Kb2 {[%clk 00:27:47]} {[%emt 00:00:59]}
67. Rb5+ {[%clk 00:11:38]} {[%emt 00:00:09]} Rb3 {[%clk 00:27:32]} {[%emt
00:00:20]} 68. Re5 {[%clk 00:09:30]} {[%emt 00:02:13]} a1=Q {[%emt 00:01:56]}
69. Re2+ Ka3+ {[%clk 00:26:05]} {[%emt 00:00:33]} 70. Rb2 {[%emt 00:02:32]}
Qxb2+ {[%clk 00:25:34]} {[%emt 00:00:31]} 0-1

[Event "DVM U10 2023"]
[Site "Magdeburg GER"]
[Date "2023.12.28"]
[Round "3"]
[White "Müller, Theo"]
[Black "Fattori Dittmar, Luca"]
[Result "1/2-1/2"]
[Termination "normal"]
[Board "5.4"]
[WhiteElo "1019"]
[BlackElo "832"]
[WhiteClock "00:18:54"]
[BlackClock "00:20:17"]
[WhiteTeam "SF Heidelberg"]
[BlackTeam "Barnimer SF im SV Stahl Finow"]
[PlyCount "144"]
[BlackFideId "34678883"]
[EventCountry "GER"]
[EventRounds "7"]
[EventType "team-swiss"]
[EventDate "2023.12.27"]

1. e4 {[%clk 00:55:09]} e5 {[%clk 00:55:01]} {[%emt 00:00:10]} 2. Nf3 {[%clk
00:55:00]} {[%emt 00:00:14]} Nc6 {[%clk 00:54:52]} {[%emt 00:00:14]} 3. d3
{[%clk 00:54:50]} {[%emt 00:00:15]} Bc5 {[%clk 00:54:45]} {[%emt 00:00:12]} 4.
Be2 {[%clk 00:54:34]} {[%emt 00:00:21]} Nf6 {[%clk 00:54:32]} {[%emt 00:00:18]}
5. Bg5 {[%clk 00:54:10]} {[%emt 00:00:28]} h6 {[%clk 00:54:26]} {[%emt
00:00:12]} 6. Bh4 {[%clk 00:53:51]} {[%emt 00:00:23]} g5 {[%clk 00:54:17]}
{[%emt 00:00:14]} 7. Bg3 {[%clk 00:53:26]} {[%emt 00:00:30]} d6 {[%clk
00:54:08]} {[%emt 00:00:15]} 8. a3 {[%clk 00:52:54]} {[%emt 00:00:38]} Bd7
{[%clk 00:53:30]} {[%emt 00:00:43]} 9. b4 {[%clk 00:52:36]} {[%emt 00:00:22]}
Bb6 {[%clk 00:53:12]} {[%emt 00:00:23]} 10. Nbd2 {[%clk 00:51:55]} {[%emt
00:00:46]} Qe7 {[%clk 00:52:46]} {[%emt 00:00:31]} 11. Nc4 {[%clk 00:51:24]}
{[%emt 00:00:35]} Rg8 {[%clk 00:51:50]} {[%emt 00:01:02]} 12. c3 {[%clk
00:50:34]} {[%emt 00:00:55]} Qe6 {[%clk 00:50:46]} {[%emt 00:01:07]} 13. a4
{[%clk 00:49:42]} {[%emt 00:00:59]} a6 {[%clk 00:50:25]} {[%emt 00:00:26]} 14.
h3 {[%clk 00:48:42]} {[%emt 00:01:04]} Ba7 {[%clk 00:50:05]} {[%emt 00:00:26]}
15. Nh2 {[%clk 00:48:21]} {[%emt 00:00:25]} Rh8 {[%clk 00:48:48]} {[%emt
00:01:22]} 16. Ng4 {[%clk 00:47:43]} {[%emt 00:00:43]} Nxg4 {[%clk 00:47:24]}
{[%emt 00:01:29]} 17. Bxg4 {[%clk 00:47:22]} {[%emt 00:00:26]} Qf6 {[%clk
00:46:35]} {[%emt 00:00:54]} 18. Bxd7+ {[%clk 00:46:43]} {[%emt 00:00:45]} Kxd7
{[%clk 00:46:19]} {[%emt 00:00:22]} 19. Qg4+ {[%clk 00:46:07]} {[%emt
00:00:40]} Kd8 {[%clk 00:45:36]} {[%emt 00:00:48]} 20. b5 {[%clk 00:44:18]}
{[%emt 00:01:55]} axb5 {[%clk 00:44:23]} {[%emt 00:01:18]} 21. axb5 {[%clk
00:44:06]} {[%emt 00:00:17]} Ne7 {[%clk 00:42:54]} {[%emt 00:01:34]} 22. b6
{[%clk 00:43:33]} {[%emt 00:00:38]} h5 {[%clk 00:42:27]} {[%emt 00:00:32]} 23.
Qf3 {[%clk 00:41:49]} {[%emt 00:01:49]} Qxf3 {[%clk 00:41:53]} {[%emt
00:00:40]} 24. gxf3 {[%clk 00:41:35]} {[%emt 00:00:18]} h4 {[%clk 00:41:32]}
{[%emt 00:00:25]} 25. Rxa7 {[%clk 00:41:02]} {[%emt 00:00:39]} Rxa7 {[%clk
00:41:15]} {[%emt 00:00:22]} 26. bxa7 {[%clk 00:40:35]} {[%emt 00:00:31]} Kd7
{[%clk 00:41:13]} {[%emt 00:00:08]} 27. Kd2 {[%clk 00:40:11]} {[%emt 00:00:28]}
hxg3 {[%clk 00:41:05]} {[%emt 00:00:14]} 28. fxg3 {[%clk 00:39:51]} {[%emt
00:00:25]} Ra8 {[%clk 00:40:34]} {[%emt 00:00:34]} 29. Ra1 {[%clk 00:39:44]}
{[%emt 00:00:14]} Nc6 {[%clk 00:39:59]} {[%emt 00:00:40]} 30. h4 {[%clk
00:38:40]} {[%emt 00:01:08]} gxh4 {[%clk 00:39:29]} {[%emt 00:00:35]} 31. gxh4
{[%clk 00:38:37]} {[%emt 00:00:07]} Ke7 {[%clk 00:39:09]} {[%emt 00:00:24]} 32.
Ke3 {[%clk 00:37:43]} {[%emt 00:01:01]} Kf6 {[%clk 00:38:39]} {[%emt 00:00:34]}
33. Kf2 {[%clk 00:37:17]} {[%emt 00:00:32]} Kg6 {[%clk 00:38:21]} {[%emt
00:00:23]} 34. Kg3 {[%clk 00:36:53]} {[%emt 00:00:28]} Kh5 {[%clk 00:37:46]}
{[%emt 00:00:41]} 35. Ne3 {[%clk 00:36:16]} {[%emt 00:00:42]} Rxa7 {[%clk
00:36:56]} {[%emt 00:00:56]} 36. Rg1 {[%clk 00:35:26]} {[%emt 00:00:54]} Ra3
{[%clk 00:36:33]} {[%emt 00:00:26]} 37. Nd5 {[%clk 00:34:56]} {[%emt 00:00:36]}
Ra8 {[%clk 00:35:07]} {[%emt 00:01:32]} 38. Kh3 {[%clk 00:34:46]} {[%emt
00:00:14]} Ra3 {[%clk 00:34:00]} {[%emt 00:01:14]} 39. Rg5+ {[%clk 00:34:21]}
{[%emt 00:00:29]} Kh6 {[%clk 00:33:48]} {[%emt 00:00:16]} 40. Kg4 {[%clk
00:34:01]} {[%emt 00:00:26]} Ra2 {[%clk 00:32:55]} {[%emt 00:00:58]} 41. Kf5
{[%clk 00:33:25]} {[%emt 00:00:40]} Rh2 {[%clk 00:32:23]} {[%emt 00:00:37]} 42.
Kg4 {[%clk 00:31:36]} {[%emt 00:01:54]} Rg2+ {[%clk 00:32:13]} {[%emt
00:00:16]} 43. Kf5 {[%clk 00:31:04]} {[%emt 00:00:37]} Rxg5+ {[%clk 00:32:00]}
{[%emt 00:00:19]} 44. hxg5+ {[%clk 00:30:47]} {[%emt 00:00:21]} Kg7 {[%clk
00:31:27]} {[%emt 00:00:39]} 45. Nxc7 {[%clk 00:30:27]} {[%emt 00:00:25]} Ne7+
{[%emt 00:01:06]} 46. Kg4 {[%clk 00:30:07]} {[%emt 00:00:23]} Kg6 {[%clk
00:30:01]} {[%emt 00:00:31]} 47. Nb5 {[%clk 00:29:57]} {[%emt 00:00:16]} d5
{[%clk 00:29:31]} {[%emt 00:00:35]} 48. Nd6 {[%clk 00:29:38]} {[%emt 00:00:23]}
dxe4 {[%clk 00:28:45]} {[%emt 00:00:51]} 49. fxe4 {[%clk 00:29:15]} {[%emt
00:00:29]} b6 {[%clk 00:28:30]} {[%emt 00:00:20]} 50. Nf5 {[%clk 00:28:43]}
{[%emt 00:00:36]} Nc6 {[%clk 00:28:08]} {[%emt 00:00:26]} 51. Nh4+ {[%clk
00:28:31]} {[%emt 00:00:18]} Kg7 {[%clk 00:28:01]} {[%emt 00:00:13]} 52. Kf5
{[%clk 00:28:14]} {[%emt 00:00:21]} b5 {[%clk 00:27:40]} {[%emt 00:00:27]} 53.
g6 {[%emt 00:00:33]} fxg6+ {[%clk 00:27:13]} {[%emt 00:00:29]} 54. Nxg6 {[%clk
00:27:42]} {[%emt 00:00:11]} Nd4+ {[%clk 00:25:38]} {[%emt 00:01:41]} 55. Kxe5
{[%clk 00:24:55]} {[%emt 00:02:52]} Nf3+ {[%clk 00:24:55]} {[%emt 00:00:48]}
56. Kd5 {[%clk 00:24:21]} {[%emt 00:00:40]} Kxg6 {[%clk 00:24:31]} {[%emt
00:00:28]} 57. Kc5 {[%clk 00:23:55]} {[%emt 00:00:32]} Kf6 {[%clk 00:23:41]}
{[%emt 00:00:54]} 58. Kxb5 {[%clk 00:23:54]} {[%emt 00:00:06]} Ke6 {[%clk
00:23:29]} {[%emt 00:00:18]} 59. c4 {[%clk 00:23:44]} {[%emt 00:00:14]} Kd6
{[%clk 00:23:21]} {[%emt 00:00:12]} 60. c5+ {[%clk 00:23:24]} {[%emt 00:00:26]}
Kc7 {[%clk 00:23:19]} {[%emt 00:00:07]} 61. c6 {[%clk 00:22:40]} {[%emt
00:00:48]} Nd4+ {[%clk 00:23:09]} {[%emt 00:00:16]} 62. Kc5 {[%clk 00:22:17]}
{[%emt 00:01:20]} Nxc6 {[%clk 00:23:01]} {[%emt 00:00:13]} 63. d4 {[%clk
00:22:03]} {[%emt 00:00:19]} Kd7 {[%clk 00:22:47]} {[%emt 00:00:19]} 64. e5
{[%clk 00:21:34]} {[%emt 00:00:35]} Nd8 {[%clk 00:22:14]} {[%emt 00:00:38]} 65.
d5 {[%clk 00:20:55]} {[%emt 00:00:45]} Ke7 {[%clk 00:21:55]} {[%emt 00:00:24]}
66. d6+ {[%clk 00:20:38]} {[%emt 00:00:21]} Kd7 {[%clk 00:21:51]} {[%emt
00:00:10]} 67. Kd4 {[%clk 00:20:19]} {[%emt 00:00:24]} Ne6+ {[%clk 00:21:37]}
{[%emt 00:00:19]} 68. Kd5 {[%clk 00:20:03]} {[%emt 00:00:21]} Nd8 {[%clk
00:21:28]} {[%emt 00:00:13]} 69. Kc4 {[%clk 00:19:46]} {[%emt 00:00:23]} Ke6
{[%clk 00:20:51]} {[%emt 00:00:41]} 70. Kd4 {[%clk 00:19:45]} {[%emt 00:00:07]}
Nc6+ {[%clk 00:20:31]} {[%emt 00:00:25]} 71. Kc5 {[%clk 00:19:27]} {[%emt
00:00:23]} Nxe5 {[%clk 00:20:17]} {[%emt 00:00:18]} 72. Kd4 {[%clk 00:18:54]}
{[%emt 00:00:37]} Kxd6 1/2-1/2

[Event "DVM U10 2023"]
[Site "Magdeburg GER"]
[Date "2023.12.28"]
[Round "3"]
[White "Brückner, Julian"]
[Black "Heins, Simon"]
[Result "0-1"]
[Termination "normal"]
[Board "6.1"]
[WhiteElo "1592"]
[BlackElo "1377"]
[WhiteClock "00:03:17"]
[BlackClock "00:03:53"]
[WhiteTeam "SV Roter Turm Halle"]
[BlackTeam "Hamburger SK 1830"]
[PlyCount "92"]
[WhiteFideId "34630031"]
[BlackFideId "34660194"]
[EventCountry "GER"]
[EventRounds "7"]
[EventType "team-swiss"]
[EventDate "2023.12.27"]

1. e4 {[%clk 00:55:08]} {[%emt 00:00:02]} c5 {[%clk 00:55:07]} {[%emt
00:00:04]} 2. Nf3 {[%clk 00:55:06]} {[%emt 00:00:07]} Nc6 {[%clk 00:55:09]}
{[%emt 00:00:03]} 3. d4 {[%clk 00:55:05]} {[%emt 00:00:06]} cxd4 {[%clk
00:55:09]} {[%emt 00:00:05]} 4. Nxd4 {[%clk 00:54:57]} {[%emt 00:00:13]} Nf6
{[%clk 00:55:10]} {[%emt 00:00:04]} 5. Nc3 {[%clk 00:54:53]} {[%emt 00:00:09]}
e5 {[%clk 00:55:11]} {[%emt 00:00:05]} 6. Ndb5 {[%clk 00:54:27]} {[%emt
00:00:30]} d6 {[%clk 00:55:02]} {[%emt 00:00:13]} 7. Na3 {[%clk 00:52:36]}
{[%emt 00:01:56]} a6 {[%clk 00:54:37]} {[%emt 00:00:31]} 8. Bg5 {[%clk
00:51:41]} {[%emt 00:01:00]} Be7 {[%clk 00:54:27]} {[%emt 00:00:15]} 9. Bxf6
{[%clk 00:47:44]} {[%emt 00:04:01]} Bxf6 {[%clk 00:54:16]} {[%emt 00:00:16]}
10. Nd5 {[%clk 00:47:39]} {[%emt 00:00:11]} b5 {[%clk 00:54:14]} {[%emt
00:00:06]} 11. c3 {[%clk 00:47:22]} {[%emt 00:00:22]} O-O {[%clk 00:54:12]}
{[%emt 00:00:07]} 12. Nc2 {[%clk 00:46:32]} {[%emt 00:00:56]} Bg5 {[%clk
00:54:10]} {[%emt 00:00:07]} 13. a4 {[%clk 00:44:28]} {[%emt 00:02:09]} bxa4
{[%emt 00:00:22]} 14. Rxa4 {[%clk 00:44:15]} {[%emt 00:00:15]} a5 {[%clk
00:53:53]} {[%emt 00:00:08]} 15. Bc4 {[%clk 00:43:02]} {[%emt 00:01:18]} Rb8
{[%clk 00:53:42]} {[%emt 00:00:15]} 16. b3 {[%clk 00:42:20]} {[%emt 00:00:48]}
Kh8 {[%clk 00:53:25]} {[%emt 00:00:22]} 17. O-O {[%clk 00:41:12]} {[%emt
00:01:13]} f5 {[%clk 00:53:15]} {[%emt 00:00:14]} 18. exf5 {[%clk 00:39:23]}
{[%emt 00:01:54]} Bxf5 {[%clk 00:53:08]} {[%emt 00:00:13]} 19. Nce3 {[%clk
00:38:39]} {[%emt 00:00:49]} Qd7 {[%clk 00:46:40]} {[%emt 00:06:32]} 20. Nxf5
{[%clk 00:34:35]} {[%emt 00:04:09]} Qxf5 {[%clk 00:45:42]} {[%emt 00:01:03]}
21. Bd3 {[%clk 00:33:22]} {[%emt 00:01:18]} Qf7 {[%clk 00:45:26]} {[%emt
00:00:21]} 22. Ne3 {[%clk 00:29:38]} {[%emt 00:03:48]} Bxe3 {[%clk 00:44:22]}
{[%emt 00:01:10]} 23. fxe3 {[%clk 00:29:29]} {[%emt 00:00:14]} Qe6 {[%clk
00:42:59]} {[%emt 00:01:27]} 24. Rh4 {[%clk 00:24:15]} {[%emt 00:05:19]} g6
{[%clk 00:41:07]} {[%emt 00:01:59]} 25. Bc4 {[%clk 00:21:18]} {[%emt 00:03:01]}
Qe7 {[%clk 00:40:22]} {[%emt 00:00:50]} 26. Rh3 {[%clk 00:19:33]} {[%emt
00:01:49]} e4 {[%clk 00:38:48]} {[%emt 00:01:40]} 27. Bd5 {[%clk 00:16:59]}
{[%emt 00:02:39]} Rxf1+ {[%clk 00:38:03]} {[%emt 00:00:50]} 28. Qxf1 {[%clk
00:16:47]} {[%emt 00:00:17]} Rf8 {[%clk 00:37:57]} {[%emt 00:00:11]} 29. Qe2
{[%clk 00:14:35]} {[%emt 00:02:17]} Nb8 {[%clk 00:35:16]} {[%emt 00:02:46]} 30.
Qe1 {[%clk 00:13:09]} {[%emt 00:01:30]} Rf5 {[%clk 00:31:27]} {[%emt 00:03:54]}
31. c4 {[%clk 00:12:37]} {[%emt 00:00:38]} Nd7 {[%clk 00:22:12]} {[%emt
00:09:19]} 32. Qxa5 {[%clk 00:09:20]} {[%emt 00:03:23]} Rf8 {[%clk 00:21:34]}
{[%emt 00:00:42]} 33. Qc3+ {[%clk 00:08:15]} {[%emt 00:01:10]} Ne5 {[%clk
00:04:36]} {[%emt 00:17:04]} 34. Bxe4 {[%clk 00:07:37]} {[%emt 00:00:43]} Qf6
{[%clk 00:04:40]} {[%emt 00:00:01]} 35. Qe1 {[%clk 00:06:57]} {[%emt 00:00:44]}
Kg7 {[%clk 00:04:39]} {[%emt 00:00:07]} 36. Rh4 {[%clk 00:06:35]} {[%emt
00:00:28]} h6 {[%clk 00:04:23]} {[%emt 00:00:21]} 37. Rf4 {[%clk 00:06:35]}
{[%emt 00:00:02]} Qg5 {[%clk 00:04:21]} {[%emt 00:00:09]} 38. Qf1 {[%clk
00:06:17]} {[%emt 00:00:23]} Rb8 {[%clk 00:04:15]} {[%emt 00:00:10]} 39. Bd5
{[%clk 00:04:57]} {[%emt 00:01:27]} h5 {[%clk 00:04:08]} {[%emt 00:00:12]} 40.
h4 {[%clk 00:04:56]} {[%emt 00:00:06]} Qg3 {[%clk 00:04:07]} {[%emt 00:00:06]}
41. b4 {[%clk 00:04:04]} {[%emt 00:00:57]} Qxe3+ {[%clk 00:04:08]} {[%emt
00:00:03]} 42. Kh1 {[%clk 00:04:00]} {[%emt 00:00:10]} Qg3 {[%clk 00:04:01]}
{[%emt 00:00:11]} 43. b5 {[%clk 00:03:59]} {[%emt 00:00:07]} Kh6 {[%clk
00:03:43]} {[%emt 00:00:23]} 44. Qc1 {[%clk 00:03:20]} {[%emt 00:00:43]} Nd3
{[%clk 00:03:46]} {[%emt 00:00:03]} 45. Rf3+ {[%clk 00:03:14]} {[%emt
00:00:11]} Nxc1 {[%clk 00:03:50]} {[%emt 00:00:01]} 46. Rxg3 {[%clk 00:03:17]}
Ne2 {[%clk 00:03:53]} {[%emt 00:00:02]} 0-1

[Event "DVM U10 2023"]
[Site "Magdeburg GER"]
[Date "2023.12.28"]
[Round "3"]
[White "Marx, Jakob"]
[Black "Meurer, Knut"]
[Result "1-0"]
[Termination "normal"]
[Board "6.2"]
[WhiteElo "1459"]
[BlackElo "1056"]
[WhiteClock "00:49:39"]
[BlackClock "00:51:01"]
[WhiteTeam "Hamburger SK 1830"]
[BlackTeam "SV Roter Turm Halle"]
[PlyCount "29"]
[WhiteFideId "34642722"]
[BlackFideId "34623604"]
[EventCountry "GER"]
[EventRounds "7"]
[EventType "team-swiss"]
[EventDate "2023.12.27"]

1. e4 {[%clk 00:55:04]} {[%emt 00:00:04]} c5 {[%clk 00:55:07]} {[%emt
00:00:03]} 2. Nf3 {[%clk 00:55:03]} {[%emt 00:00:07]} d6 {[%clk 00:55:06]}
{[%emt 00:00:06]} 3. d4 {[%clk 00:55:04]} {[%emt 00:00:05]} cxd4 {[%clk
00:55:05]} {[%emt 00:00:06]} 4. Nxd4 {[%clk 00:55:04]} {[%emt 00:00:04]} Nc6
{[%clk 00:55:03]} {[%emt 00:00:08]} 5. Nc3 {[%clk 00:54:49]} {[%emt 00:00:19]}
g6 {[%clk 00:55:03]} {[%emt 00:00:05]} 6. Bc4 {[%clk 00:54:23]} {[%emt
00:00:31]} Bg7 {[%clk 00:55:00]} {[%emt 00:00:08]} 7. Be3 {[%clk 00:53:42]}
{[%emt 00:00:46]} Bg4 {[%clk 00:54:50]} {[%emt 00:00:16]} 8. Qxg4 {[%clk
00:53:36]} {[%emt 00:00:10]} Nxd4 {[%clk 00:54:44]} {[%emt 00:00:11]} 9. Bxd4
{[%clk 00:52:56]} {[%emt 00:00:45]} Bxd4 {[%clk 00:54:38]} {[%emt 00:00:11]}
10. Bb5+ {[%clk 00:52:51]} {[%emt 00:00:10]} Kf8 {[%clk 00:54:05]} {[%emt
00:00:38]} 11. Qg3 {[%clk 00:51:36]} {[%emt 00:01:19]} Nf6 {[%clk 00:53:44]}
{[%emt 00:00:26]} 12. O-O-O {[%clk 00:50:56]} {[%emt 00:00:46]} Qb6 {[%clk
00:52:11]} {[%emt 00:01:39]} 13. Bc4 {[%clk 00:49:49]} {[%emt 00:01:12]} Bxc3
{[%clk 00:51:10]} {[%emt 00:01:06]} 14. Qxc3 {[%clk 00:49:39]} {[%emt
00:00:13]} Nxe4 {[%clk 00:51:01]} {[%emt 00:00:15]} 15. Qxh8# {[%emt 00:00:06]}
1-0